<?xml version="1.0" encoding="UTF-8"?>
<collection xmlns="http://www.loc.gov/MARC21/slim">
 <record>
  <leader>02113aam a22002898a 4500</leader>
  <controlfield tag="001">NCT_25949</controlfield>
  <controlfield tag="008">090916s2009                  ||||||viesd</controlfield>
  <datafield tag="999" ind1=" " ind2=" ">
   <subfield code="c">1241</subfield>
   <subfield code="d">1241</subfield>
  </datafield>
  <datafield tag="020" ind1=" " ind2=" ">
   <subfield code="c">67000</subfield>
  </datafield>
  <datafield tag="082" ind1="0" ind2="4">
   <subfield code="2">23rd ed.</subfield>
   <subfield code="a">724.7</subfield>
   <subfield code="b">H407</subfield>
  </datafield>
  <datafield tag="100" ind1="1" ind2=" ">
   <subfield code="a">Đặng Thái Hoàng</subfield>
  </datafield>
  <datafield tag="245" ind1="1" ind2="0">
   <subfield code="a">Kiến trúc hiện đại</subfield>
   <subfield code="c">Đặng Thái Hoàng, Nguyễn Văn Đỉnh, Đặng Liên Phương</subfield>
  </datafield>
  <datafield tag="250" ind1=" " ind2=" ">
   <subfield code="a">Tái bản</subfield>
  </datafield>
  <datafield tag="260" ind1=" " ind2=" ">
   <subfield code="a">H.</subfield>
   <subfield code="b">Xây dựng</subfield>
   <subfield code="c">2012</subfield>
  </datafield>
  <datafield tag="520" ind1="3" ind2=" ">
   <subfield code="a">Nội dung sách giới thiệu một số ấn phẩm về kiến trúc hiện đại và đương đại đã được xuất bản và thử nghiệm trong 5 năm trở lại đây và một số phần viết mới nhằm vào những sự kiện kiến trúc thế giới gần đây.</subfield>
  </datafield>
  <datafield tag="653" ind1=" " ind2=" ">
   <subfield code="a">Kiến trúc</subfield>
  </datafield>
  <datafield tag="700" ind1="1" ind2=" ">
   <subfield code="a">Nguyễn Văn Đỉnh</subfield>
  </datafield>
  <datafield tag="700" ind1="1" ind2=" ">
   <subfield code="a">Đặng Liên Phương</subfield>
  </datafield>
  <datafield tag="942" ind1=" " ind2=" ">
   <subfield code="2">ddc</subfield>
   <subfield code="c">BK</subfield>
  </datafield>
  <datafield tag="952" ind1=" " ind2=" ">
   <subfield code="0">0</subfield>
   <subfield code="1">0</subfield>
   <subfield code="2">ddc</subfield>
   <subfield code="4">0</subfield>
   <subfield code="6">724_700000000000000_H407</subfield>
   <subfield code="7">0</subfield>
   <subfield code="9">9391</subfield>
   <subfield code="a">000001</subfield>
   <subfield code="b">000001</subfield>
   <subfield code="d">2018-06-01</subfield>
   <subfield code="o">724.7 H407</subfield>
   <subfield code="p">MD.08353</subfield>
   <subfield code="r">2018-06-01</subfield>
   <subfield code="v">67000.00</subfield>
   <subfield code="w">2018-06-01</subfield>
   <subfield code="y">BK</subfield>
  </datafield>
  <datafield tag="952" ind1=" " ind2=" ">
   <subfield code="0">0</subfield>
   <subfield code="1">0</subfield>
   <subfield code="2">ddc</subfield>
   <subfield code="4">0</subfield>
   <subfield code="6">724_700000000000000_H407</subfield>
   <subfield code="7">0</subfield>
   <subfield code="9">9392</subfield>
   <subfield code="a">000001</subfield>
   <subfield code="b">000001</subfield>
   <subfield code="d">2018-06-01</subfield>
   <subfield code="o">724.7 H407</subfield>
   <subfield code="p">MD.08354</subfield>
   <subfield code="r">2018-06-01</subfield>
   <subfield code="v">67000.00</subfield>
   <subfield code="w">2018-06-01</subfield>
   <subfield code="y">BK</subfield>
  </datafield>
  <datafield tag="952" ind1=" " ind2=" ">
   <subfield code="0">0</subfield>
   <subfield code="1">0</subfield>
   <subfield code="2">ddc</subfield>
   <subfield code="4">0</subfield>
   <subfield code="6">724_700000000000000_H407</subfield>
   <subfield code="7">0</subfield>
   <subfield code="9">9393</subfield>
   <subfield code="a">000001</subfield>
   <subfield code="b">000001</subfield>
   <subfield code="d">2018-06-01</subfield>
   <subfield code="l">1</subfield>
   <subfield code="o">724.7 H407</subfield>
   <subfield code="p">MD.08355</subfield>
   <subfield code="r">2019-11-28</subfield>
   <subfield code="s">2019-11-15</subfield>
   <subfield code="v">67000.00</subfield>
   <subfield code="w">2018-06-01</subfield>
   <subfield code="y">BK</subfield>
  </datafield>
  <datafield tag="952" ind1=" " ind2=" ">
   <subfield code="0">0</subfield>
   <subfield code="1">0</subfield>
   <subfield code="2">ddc</subfield>
   <subfield code="4">0</subfield>
   <subfield code="6">724_700000000000000_H407</subfield>
   <subfield code="7">0</subfield>
   <subfield code="9">9394</subfield>
   <subfield code="a">000001</subfield>
   <subfield code="b">000001</subfield>
   <subfield code="d">2018-06-01</subfield>
   <subfield code="o">724.7 H407</subfield>
   <subfield code="p">MD.08356</subfield>
   <subfield code="r">2018-06-01</subfield>
   <subfield code="v">67000.00</subfield>
   <subfield code="w">2018-06-01</subfield>
   <subfield code="y">BK</subfield>
  </datafield>
  <datafield tag="952" ind1=" " ind2=" ">
   <subfield code="0">0</subfield>
   <subfield code="1">0</subfield>
   <subfield code="2">ddc</subfield>
   <subfield code="4">0</subfield>
   <subfield code="6">724_700000000000000_H407</subfield>
   <subfield code="7">0</subfield>
   <subfield code="9">9395</subfield>
   <subfield code="a">000001</subfield>
   <subfield code="b">000001</subfield>
   <subfield code="d">2018-06-01</subfield>
   <subfield code="o">724.7 H407</subfield>
   <subfield code="p">MD.08357</subfield>
   <subfield code="r">2018-06-01</subfield>
   <subfield code="v">67000.00</subfield>
   <subfield code="w">2018-06-01</subfield>
   <subfield code="y">BK</subfield>
  </datafield>
  <datafield tag="952" ind1=" " ind2=" ">
   <subfield code="0">0</subfield>
   <subfield code="1">0</subfield>
   <subfield code="2">ddc</subfield>
   <subfield code="4">0</subfield>
   <subfield code="6">724_700000000000000_H407</subfield>
   <subfield code="7">0</subfield>
   <subfield code="9">9396</subfield>
   <subfield code="a">000001</subfield>
   <subfield code="b">000001</subfield>
   <subfield code="d">2018-06-01</subfield>
   <subfield code="o">724.7 H407</subfield>
   <subfield code="p">MD.08358</subfield>
   <subfield code="r">2018-06-01</subfield>
   <subfield code="v">67000.00</subfield>
   <subfield code="w">2018-06-01</subfield>
   <subfield code="y">BK</subfield>
  </datafield>
  <datafield tag="952" ind1=" " ind2=" ">
   <subfield code="0">0</subfield>
   <subfield code="1">0</subfield>
   <subfield code="2">ddc</subfield>
   <subfield code="4">0</subfield>
   <subfield code="6">724_700000000000000_H407</subfield>
   <subfield code="7">0</subfield>
   <subfield code="9">9397</subfield>
   <subfield code="a">000001</subfield>
   <subfield code="b">000001</subfield>
   <subfield code="d">2018-06-01</subfield>
   <subfield code="l">1</subfield>
   <subfield code="o">724.7 H407</subfield>
   <subfield code="p">MD.08359</subfield>
   <subfield code="r">2019-10-03</subfield>
   <subfield code="s">2019-02-27</subfield>
   <subfield code="v">67000.00</subfield>
   <subfield code="w">2018-06-01</subfield>
   <subfield code="y">BK</subfield>
  </datafield>
  <datafield tag="980" ind1=" " ind2=" ">
   <subfield code="a">Thư viện Trường Đại học Nam Cần Thơ</subfield>
  </datafield>
 </record>
</collection>
